000 00868nam a2200277Ia 4500
003 OSt
005 20220926005400.0
006 a|||||r|||| 00| 0
007 ta
008 220923b |||||||| |||| 00| 0 eng d
020 _a8183290884
_c750.00
037 _b431, 29/07/2006, Bright Book Service
_cGeneral Book
040 _aRTL
_cRTL
_beng
041 _2eng
_aeng
082 _aX:8:(G:55), P6
100 _aBharat Bhushan
_9153749
245 0 _aEnvironmental management
260 _a New Delhi
_bShree Publishers India
_c2006
300 _avi,287p
_ccm.
500 _aBibliography P 284-85
650 _a Management - Environment
_9273179
650 _aCommerce
700 _a Vinit Kumar
_9310166
942 _hX:8:(G:55), P6
_cGB
_2CC
999 _c613626
_d613626